Možnosti a predpoklady rozvoja trhu s nehnuteľnosťami v podmienkach Slovenskej republiky

Globálna kríza v realitnom segmente. Dopyt domácností a firiem po nehnuteľnostiach. Základné súvislosti vývoja cien nehnuteľností. Predpoklady oživenia realitného trhu. Analýza súčasného stavu a budúcnosť realitného trhu.

Gespeichert in:
Bibliographische Detailangaben
1. Verfasser: Jakubec, Miroslav
Weitere Verfasser: Kardoš, Peter
Format: Buchkapitel
Sprache:Slowakisch
Schlagworte:
Tags: Tag hinzufügen
Keine Tags, Fügen Sie das erste Tag hinzu!

MARC

LEADER 00000naa$a2200000$$$4500
001 0120319
005 20240502072341.1
041 0 |a slo 
044 |a SK 
245 1 0 |a Možnosti a predpoklady rozvoja trhu s nehnuteľnosťami v podmienkach Slovenskej republiky  |c Miroslav Jakubec, Peter Kardoš 
520 |a Globálna kríza v realitnom segmente. Dopyt domácností a firiem po nehnuteľnostiach. Základné súvislosti vývoja cien nehnuteľností. Predpoklady oživenia realitného trhu. Analýza súčasného stavu a budúcnosť realitného trhu. 
610 2 0 |a Slovensko 
610 2 0 |a kríza finančná 
610 2 0 |a kríza hospodárska 
610 2 0 |a nehnuteľnosti 
610 2 0 |a obchod s nehnuteľnosťami 
610 2 0 |a cena nehnuteľností 
610 2 0 |a kancelárie realitné 
610 2 0 |a dopyt 
610 2 0 |a ponuka 
610 2 0 |a trh 
610 2 0 |a analýzy 
100 1 |a Jakubec, Miroslav 
700 1 |a Kardoš, Peter